Understandable statistics : (Record no. 2636)

000 -LEADER
fixed length control field 00600nam a22002177a 4500
003 - CONTROL NUMBER IDENTIFIER
control field OSt
005 - DATE AND TIME OF LATEST TRANSACTION
control field 20210715102356.0
008 - FIXED-LENGTH DATA ELEMENTS--GENERAL INFORMATION
fixed length control field 210715b ||||| |||| 00| 0 eng d
020 ## - INTERNATIONAL STANDARD BOOK NUMBER
International Standard Book Number 0395907683
020 ## - INTERNATIONAL STANDARD BOOK NUMBER
International Standard Book Number 9780395907689
040 ## - CATALOGING SOURCE
Transcribing agency ALUPE UNIVERSITY
050 ## - LIBRARY OF CONGRESS CALL NUMBER
Classification number QA276
Item number .B684 1999
100 ## - MAIN ENTRY--PERSONAL NAME
Personal name Charles Henry Brase;
245 ## - TITLE STATEMENT
Title Understandable statistics :
Remainder of title concepts and methods
250 ## - EDITION STATEMENT
Edition statement 6th
260 ## - PUBLICATION, DISTRIBUTION, ETC.
Place of publication, distribution, etc. Boston :
Name of publisher, distributor, etc. Houghton Mifflin,
Date of publication, distribution, etc. 1999.
300 ## - PHYSICAL DESCRIPTION
Extent 775p
650 ## - SUBJECT ADDED ENTRY--TOPICAL TERM
Source of heading or term Estadística matemática.
700 ## - ADDED ENTRY--PERSONAL NAME
Personal name Corrinne Pellillo Brase
942 ## - ADDED ENTRY ELEMENTS (KOHA)
Source of classification or shelving scheme
Koha item type Book
Suppress in OPAC DO
Holdings
Withdrawn status Lost status Source of classification or shelving scheme Damaged status Not for loan Permanent Location Current Location Shelving location Date acquired Source of acquisition Total Checkouts Full call number Barcode Date last seen Date last checked out Price effective from Koha item type Public note
          AU LIBRARY AU LIBRARY Open Shelf 15.07.2021 DONATION FROM MU 1 QA276 .B684 1999 28001372 09.03.2023 23.02.2023 15.07.2021 Book DO

Powered by Koha